Terrible tyrannosaurs / (Record no. 6647)

MARC details
000 -LEADER
fixed length control field 01166cam a2200349 a 4500
001 - CONTROL NUMBER
control field 6647
003 - CONTROL NUMBER IDENTIFIER
control field FISKH
005 - DATE AND TIME OF LATEST TRANSACTION
control field 20250828154915.0
008 - FIXED-LENGTH DATA ELEMENTS--GENERAL INFORMATION
fixed length control field 990504s2001 nyua b 000 0 eng
010 ## - LIBRARY OF CONGRESS CONTROL NUMBER
LC control number 99032925
020 ## - INTERNATIONAL STANDARD BOOK NUMBER
International Standard Book Number 0060279338
020 ## - INTERNATIONAL STANDARD BOOK NUMBER
International Standard Book Number 0060279346 (lib. bdg.)
020 ## - INTERNATIONAL STANDARD BOOK NUMBER
International Standard Book Number 006445181X (pbk.)
040 ## - CATALOGING SOURCE
Original cataloging agency DLC
Transcribing agency DLC
Modifying agency DLC
Language of cataloging eng
050 ## - LIBRARY OF CONGRESS CALL NUMBER
Classification number QE862.S3 Z64
082 ## - DEWEY DECIMAL CLASSIFICATION NUMBER
Classification number 567.9129
100 1# - MAIN ENTRY--PERSONAL NAME
Personal name Zoehfeld, Kathleen Weidner.
245 10 - TITLE STATEMENT
Title Terrible tyrannosaurs /
Statement of responsibility, etc. by Kathleen Weidner Zoehfeld ; illustrated by Lucia Washburn.
260 ## - PUBLICATION, DISTRIBUTION, ETC.
Place of publication, distribution, etc. New York :
Name of publisher, distributor, etc. Scholastic,
Date of publication, distribution, etc. 2001.
300 ## - PHYSICAL DESCRIPTION
Extent 33 pages :
Other physical details color illustrations ;
Dimensions 21 x 26 cm.
440 #0 - SERIES STATEMENT/ADDED ENTRY--TITLE
Title Let's-read-and-find-out science.
Number of part/section of a work Stage 2
520 ## - SUMMARY, ETC.
Summary, etc. Describes what fossils tell us about the physical characteristics and behavior of the large carnivorous Tyrannosaurus rex.
650 #0 - SUBJECT ADDED ENTRY--TOPICAL TERM
Topical term or geographic name entry element Tyrannosaurus rex
Form subdivision Juvenile literature.
650 #1 - SUBJECT ADDED ENTRY--TOPICAL TERM
Topical term or geographic name entry element Tyrannosaurus rex.
650 #1 - SUBJECT ADDED ENTRY--TOPICAL TERM
Topical term or geographic name entry element Dinosaurs.
650 #1 - SUBJECT ADDED ENTRY--TOPICAL TERM
Topical term or geographic name entry element Fossils.
650 #1 - SUBJECT ADDED ENTRY--TOPICAL TERM
Topical term or geographic name entry element Paleontology.
700 1# - ADDED ENTRY--PERSONAL NAME
Personal name Washburn, Lucia,
Relator term illustrator
906 ## - LOCAL DATA ELEMENT F, LDF (RLIN)
a 7
b cbc
c orignew
d 1
e ocip
f 19
g y-gencatlg
942 ## - ADDED ENTRY ELEMENTS (KOHA)
Source of classification or shelving scheme Dewey Decimal Classification
Koha item type Books
Suppress in OPAC No
Holdings
Withdrawn status Lost status Source of classification or shelving scheme Damaged status Not for loan Collection Home library Current library Shelving location Date acquired Total Checkouts Full call number Barcode Date last seen Copy number Price effective from Koha item type Date last checked out
    Dewey Decimal Classification     Non-Fiction Footprints International School Library Network Toul Kork Campus Footprints International School Library Network Toul Kork Campus A TK Campus, 4th Floor, Room B401, Non-Fiction Bookcases(7-8) 05/19/2025   ZOE 567.9129 QE862.S3 Z64 FISBK02281 05/19/2025 1 05/19/2025 Books  
    Dewey Decimal Classification     Non-Fiction Footprints International School Library Network Toul Tom Poung Campus Footprints International School Library Network Toul Tom Poung Campus TTP Secondary Non-Fiction Bookshelves 08/28/2025 1 ZOE 567.9129 QE862.S3 Z64 FISBK02280 11/10/2025 2 08/28/2025 Books 10/31/2025